[Event "Agen 2017 - Open B"]
[Site "?"]
[Date "2017.08.19"]
[Round "1.4"]
[White "Vandervorst, Jean-Marc"]
[Black "Mathieu, Phileas"]
[Result "1-0"]
[LiveChessVersion "1.4.8"]
[BlackElo "1850"]
[WhiteElo "1975"]

1. d4 {[%clk 1:30:55]} d5 {[%clk 1:30:52]} 2. Nf3 {[%clk 1:31:20]} Nf6
{[%clk 1:31:17]} 3. a3 {[%clk 1:31:26]} c6 {[%clk 1:31:23]} 4. c4
{[%clk 1:30:31]} dxc4 {[%clk 1:28:22]} 5. e3 {[%clk 1:30:37]} b5 {[%clk 1:26:45]}
6. a4 {[%clk 1:29:46]} a6 7. axb5 {[%clk 1:28:49]} cxb5 {[%clk 1:25:13]} 8. b3
{[%clk 1:28:14]} cxb3 {[%clk 1:03:28]} 9. Bxb5+ {[%clk 1:28:17]} Nbd7
{[%clk 1:03:46]} 10. Bc4 {[%clk 1:21:04]} e6 {[%clk 0:57:50]} 11. O-O
{[%clk 1:17:27]} Bd6 {[%clk 0:55:31]} 12. Qxb3 {[%clk 1:16:20]} Nb6
{[%clk 0:48:44]} 13. Be2 {[%clk 1:07:53]} Bb7 {[%clk 0:45:23]} 14. Nc3
{[%clk 0:57:57]} O-O {[%clk 0:42:04]} 15. Na4 {[%clk 0:50:32]} Nfd7
{[%clk 0:39:07]} 16. Nxb6 {[%clk 0:41:44]} Nxb6 {[%clk 0:35:18]} 17. Rb1
{[%clk 0:34:10]} Bc7 {[%clk 0:32:32]} 18. Ba3 {[%clk 0:34:15]} Re8
{[%clk 0:28:25]} 19. Rfc1 {[%clk 0:28:56]} Bd5 {[%clk 0:25:05]} 20. Qc2
{[%clk 0:20:27]} Rc8 {[%clk 0:21:05]} 21. Bc5 {[%clk 0:18:09]} a5
{[%clk 0:15:14]} 22. Bxb6 {[%clk 0:13:50]} Bxb6 {[%clk 0:15:28]} 23. Qxc8
{[%clk 0:14:07]} Qxc8 {[%clk 0:11:27]} 24. Rxc8 {[%clk 0:14:30]} Rxc8
{[%clk 0:11:54]} 25. Rxb6 {[%clk 0:14:36]} a4 {[%clk 0:10:50]} 26. Ra6
{[%clk 0:10:03]} Bb3 {[%clk 0:10:03]} 27. Nd2 {[%clk 0:08:45]} g6
{[%clk 0:09:09]} 28. Nxb3 {[%clk 0:08:10]} axb3 {[%clk 0:09:39]} 29. Rb6
{[%clk 0:08:04]} Rc2 {[%clk 0:09:50]} 30. Bf1 {[%clk 0:07:55]} b2
{[%clk 0:10:10]} 31. g4 {[%clk 0:07:50]} Kg7 {[%clk 0:09:47]} 32. Kg2
{[%clk 0:08:04]} Rd2 {[%clk 0:09:27]} 33. g5 {[%clk 0:07:43]} h6 {[%clk 0:09:22]}
34. h4 {[%clk 0:07:58]} hxg5 {[%clk 0:09:28]} 35. hxg5 {[%clk 0:08:23]} Kf8
{[%clk 0:09:23]} 36. Rb7 {[%clk 0:07:19]} Kg8 {[%clk 0:08:51]} 37. Bc4
{[%clk 0:07:15]} Kf8 {[%clk 0:08:24]} 38. Ba2 {[%clk 0:07:22]} Kg8
{[%clk 0:08:38]} 39. Bb1 {[%clk 0:07:37]} Kg7 {[%clk 0:08:43]} 40. Kf3
{[%clk 0:36:36]} Kf8 {[%clk 0:37:29]} 41. Rb4 {[%clk 0:36:31]} e5
{[%clk 0:23:17]} 42. dxe5 {[%clk 0:35:10]} Rd5 {[%clk 0:23:46]} 43. Rxb2
{[%clk 0:35:13]} Rxe5 {[%clk 0:24:13]} 44. Kf4 {[%clk 0:35:24]} Re7
{[%clk 0:24:36]} 45. Be4 {[%clk 0:35:17]} Kg7 {[%clk 0:24:36]} 46. Rb7
{[%clk 0:35:32]} Re6 {[%clk 0:23:29]} 47. Bd5 {[%clk 0:35:39]} Ra6
{[%clk 0:23:59]} 48. Rxf7+ {[%clk 0:35:29]} Kh8 {[%clk 0:24:13]} 49. Rf6
{[%clk 0:35:34]} Ra7 {[%clk 0:23:39]} 50. Rxg6 {[%clk 0:35:40]} Ra4+
{[%clk 0:23:36]} 51. e4 {[%clk 0:35:41]} Ra3 {[%clk 0:24:05]} 52. f3
{[%clk 0:35:51]} Rc3 {[%clk 0:24:29]} 53. Kg4 {[%clk 0:36:08]} Rc2
{[%clk 0:24:47]} 54. Kf5 {[%clk 0:36:23]} Rc7 {[%clk 0:24:49]} 55. Kf6
{[%clk 0:36:00]} Rg7 {[%clk 0:24:22]} 56. Rh6+ {[%clk 0:36:15]} Rh7
{[%clk 0:24:50]} 57. Rxh7+ {[%clk 0:36:38]} Kxh7 {[%clk 0:25:15]} 58. g6+
{[%clk 0:37:01]} 1-0

[Event "Agen 2017 - Open C"]
[Site "?"]
[Date "2017.08.19"]
[Round "1.1"]
[White "Roche, Philippe"]
[Black "Aiglon, Nicolas"]
[Result "0-1"]
[LiveChessVersion "1.4.8"]
[BlackElo "1800"]
[WhiteElo "1662"]

1. e4 {[%clk 1:30:54]} g6 {[%clk 1:30:44]} 2. d4 {[%clk 1:31:12]} Bg7
{[%clk 1:31:01]} 3. Nf3 {[%clk 1:31:21]} d6 {[%clk 1:30:58]} 4. Bc4
{[%clk 1:30:10]} Nf6 {[%clk 1:30:57]} 5. Qe2 {[%clk 1:26:26]} O-O
{[%clk 1:19:49]} 6. O-O {[%clk 1:26:37]} c6 {[%clk 1:18:26]} 7. Nc3
{[%clk 1:19:45]} b5 {[%clk 1:18:30]} 8. e5 {[%clk 1:15:13]} bxc4 {[%clk 1:16:09]}
9. exf6 {[%clk 1:15:26]} Bxf6 {[%clk 1:15:49]} 10. Re1 {[%clk 1:14:40]} d5
{[%clk 1:11:31]} 11. Bg5 {[%clk 1:14:52]} Bg4 {[%clk 1:07:56]} 12. Bxf6
{[%clk 1:14:57]} exf6 {[%clk 1:08:16]} 13. h3 {[%clk 1:14:11]} Be6
{[%clk 1:07:26]} 14. Qd2 {[%clk 1:09:16]} Kg7 {[%clk 1:00:32]} 15. Ne2
{[%clk 1:09:26]} Qd6 {[%clk 0:52:53]} 16. c3 {[%clk 1:07:20]} Nd7
{[%clk 0:48:17]} 17. Qf4 {[%clk 1:06:36]} Qb8 {[%clk 0:46:22]} 18. Qd2
{[%clk 1:05:51]} c5 {[%clk 0:41:04]} 19. Nf4 {[%clk 1:05:15]} Re8
{[%clk 0:40:37]} 20. Re2 {[%clk 1:02:51]} Qd6 {[%clk 0:34:05]} 21. Rae1
{[%clk 0:58:34]} Re7 {[%clk 0:32:03]} 22. dxc5 {[%clk 0:55:45]} Nxc5
{[%clk 0:30:14]} 23. Nxd5 {[%clk 0:54:48]} Rd7 {[%clk 0:24:54]} 24. Nf4
{[%clk 0:52:22]} Qc6 {[%clk 0:20:35]} 25. Nd4 {[%clk 0:49:24]} Qb6
{[%clk 0:17:25]} 26. Nfxe6+ {[%clk 0:35:17]} fxe6 {[%clk 0:16:53]} 27. Nxe6+
{[%clk 0:27:48]} Qxe6 {[%clk 0:17:00]} 28. Qxd7+ {[%clk 0:22:39]} Qxd7
{[%clk 0:15:15]} 29. Re7+ {[%clk 0:23:00]} Qxe7 {[%clk 0:15:03]} 30. Rxe7+
{[%clk 0:23:16]} Kh6 {[%clk 0:15:04]} 31. Rc7 {[%clk 0:21:53]} Nd3
{[%clk 0:15:00]} 32. b4 {[%clk 0:21:09]} cxb3 {[%clk 0:15:02]} 33. axb3
{[%clk 0:21:29]} a5 {[%clk 0:13:37]} 34. Rc4 {[%clk 0:18:46]} Rb8
{[%clk 0:13:26]} 35. Rd4 {[%clk 0:17:39]} Nc1 {[%clk 0:12:01]} 36. Rh4+
{[%clk 0:17:11]} Kg7 {[%clk 0:12:21]} 37. b4 {[%clk 0:17:13]} axb4
{[%clk 0:12:37]} 38. Rxb4 {[%clk 0:17:00]} Rc8 {[%clk 0:12:32]} 39. c4
{[%clk 0:17:06]} Nd3 {[%clk 0:12:48]} 40. Rb3 {[%clk 0:46:32]} Ne5
{[%clk 0:42:45]} 41. Rc3 {[%clk 0:46:17]} Rxc4 {[%clk 0:42:53]} 42. Rxc4
{[%clk 0:46:33]} Nxc4 {[%clk 0:43:17]} 43. f4 {[%clk 0:46:28]} Kf7
{[%clk 0:42:36]} 44. Kf2 {[%clk 0:46:44]} h5 {[%clk 0:42:39]} 45. g4
{[%clk 0:47:06]} h4 {[%clk 0:42:01]} 46. Kf3 {[%clk 0:47:12]} g5 {[%clk 0:42:00]}
47. Ke4 {[%clk 0:46:48]} gxf4 {[%clk 0:40:23]} 48. Kxf4 {[%clk 0:47:09]} Kg6
{[%clk 0:40:49]} 49. Ke4 {[%clk 0:46:06]} Kg5 {[%clk 0:41:13]} 50. Kd4
{[%clk 0:45:57]} Kf4 {[%clk 0:39:48]} 0-1

[Event "Agen 2017 - Open C"]
[Site "?"]
[Date "2017.08.19"]
[Round "1.3"]
[White "Roussely, Julien"]
[Black "Rihouey, Franck"]
[Result "1/2-1/2"]
[LiveChessVersion "1.4.8"]
[BlackElo "1781"]
[WhiteElo "1660"]

1. e4 {[%clk 1:30:58]} d5 {[%clk 1:30:40]} 2. exd5 {[%clk 1:31:21]} Qxd5
{[%clk 1:31:04]} 3. Nf3 {[%clk 1:31:47]} Nf6 {[%clk 1:30:39]} 4. d4
{[%clk 1:31:27]} a6 {[%clk 1:28:12]} 5. c4 {[%clk 1:31:17]} Qd8 {[%clk 1:25:55]}
6. Nc3 {[%clk 1:29:47]} e6 {[%clk 1:25:22]} 7. a3 {[%clk 1:25:33]} Nbd7
{[%clk 1:20:39]} 8. Bf4 {[%clk 1:20:29]} Bd6 {[%clk 1:18:33]} 9. Be3
{[%clk 1:11:16]} O-O {[%clk 1:13:57]} 10. Bd3 {[%clk 1:10:01]} Re8
{[%clk 1:09:51]} 11. Qc2 {[%clk 1:04:20]} b6 {[%clk 1:04:58]} 12. O-O
{[%clk 0:58:19]} Bb7 {[%clk 1:04:11]} 13. Ne4 {[%clk 0:50:00]} Nxe4
{[%clk 0:58:04]} 14. Bxe4 {[%clk 0:50:16]} Bxe4 {[%clk 0:57:10]} 15. Qxe4
{[%clk 0:50:22]} Nf6 {[%clk 0:55:25]} 16. Qc2 {[%clk 0:47:58]} Qb8
{[%clk 0:38:32]} 17. h3 {[%clk 0:42:54]} c6 {[%clk 0:30:02]} 18. Bd2
{[%clk 0:39:54]} b5 {[%clk 0:28:37]} 19. b3 {[%clk 0:39:58]} a5 {[%clk 0:26:06]}
20. a4 {[%clk 0:39:17]} b4 {[%clk 0:24:18]} 21. Ng5 {[%clk 0:32:25]} Bh2+
{[%clk 0:20:51]} 22. Kh1 {[%clk 0:32:44]} Bf4 {[%clk 0:20:38]} 23. Rfe1
{[%clk 0:28:21]} h6 {[%clk 0:17:36]} 24. Ne4 Nxe4 {[%clk 0:16:38]} 25. Bxf4
{[%clk 0:22:57]} Qxf4 {[%clk 0:16:29]} 26. Rxe4 {[%clk 0:23:12]} Qd6
{[%clk 0:16:05]} 27. Rd1 {[%clk 0:23:11]} Red8 {[%clk 0:14:37]} 28. Re2
{[%clk 0:21:00]} Qc7 {[%clk 0:13:01]} 29. Qe4 {[%clk 0:20:22]} Rd7
{[%clk 0:12:38]} 30. Red2 {[%clk 0:19:56]} Rad8 {[%clk 0:12:36]} 31. Kg1
{[%clk 0:19:14]} Qb6 {[%clk 0:11:23]} 32. Kf1 {[%clk 0:17:48]} Qc7
{[%clk 0:11:09]} 33. Kg1 {[%clk 0:18:01]} Qb6 {[%clk 0:10:42]} 34. Kf1
{[%clk 0:18:21]} Qc7 {[%clk 0:10:31]} 35. Kg1 {[%clk 0:18:42]} Qb6
{[%clk 0:09:22]} 36. Kf1 1/2-1/2

[Event "Agen 2017 - Open C"]
[Site "?"]
[Date "2017.08.19"]
[Round "1.4"]
[White "Germond, Thierry"]
[Black "Lemiere, Maxence"]
[Result "1/2-1/2"]
[LiveChessVersion "1.4.8"]
[BlackElo "1659"]
[WhiteElo "1777"]

1. f4 {[%clk 1:30:50]} d5 {[%clk 1:29:21]} 2. Nf3 {[%clk 1:30:53]} Nc6
{[%clk 1:28:59]} 3. g3 {[%clk 1:30:50]} Bf5 {[%clk 1:27:52]} 4. Bg2
{[%clk 1:30:05]} e6 {[%clk 1:27:34]} 5. e3 {[%clk 1:13:08]} Bc5 {[%clk 1:22:37]}
6. O-O {[%clk 1:06:10]} h6 {[%clk 1:21:10]} 7. Kh1 {[%clk 0:55:31]} Nge7
{[%clk 1:19:44]} 8. a3 {[%clk 0:52:25]} Qd6 {[%clk 1:02:15]} 9. b4
{[%clk 0:48:37]} Bb6 {[%clk 1:01:24]} 10. Bb2 {[%clk 0:46:51]} f6
{[%clk 1:00:24]} 11. Nh4 {[%clk 0:39:50]} O-O-O {[%clk 0:58:28]} 12. Nxf5
{[%clk 0:39:26]} Nxf5 {[%clk 0:58:23]} 13. Nc3 {[%clk 0:35:43]} Rdf8
{[%clk 0:56:16]} 14. Na4 {[%clk 0:31:48]} Rh7 {[%clk 0:46:58]} 15. Nxb6+
{[%clk 0:31:46]} axb6 {[%clk 0:46:38]} 16. Qe2 {[%clk 0:22:30]} Nfe7
{[%clk 0:30:20]} 17. Rae1 {[%clk 0:18:32]} f5 {[%clk 0:29:11]} 18. d3
{[%clk 0:17:44]} g5 {[%clk 0:27:21]} 19. c4 {[%clk 0:15:59]} Nd8 {[%clk 0:25:10]}
20. Be5 {[%clk 0:15:13]} Qd7 {[%clk 0:24:44]} 21. Rc1 {[%clk 0:15:02]} Nf7
{[%clk 0:22:36]} 22. Bb2 {[%clk 0:14:18]} Nd8 {[%clk 0:20:56]} 23. Rc2
{[%clk 0:13:51]} b5 {[%clk 0:19:18]} 24. cxb5 {[%clk 0:12:38]} Qxb5
{[%clk 0:19:46]} 25. Rc5 {[%clk 0:12:41]} Qd7 {[%clk 0:19:50]} 26. Rfc1
{[%clk 0:12:57]} Nec6 {[%clk 0:13:42]} 27. Qc2 {[%clk 0:12:49]} Nb8
{[%clk 0:11:50]} 28. e4 {[%clk 0:12:37]} Na6 {[%clk 0:10:30]} 29. Ra5
{[%clk 0:12:38]} gxf4 {[%clk 0:08:59]} 30. exd5 {[%clk 0:12:26]} fxg3
{[%clk 0:08:46]} 31. dxe6 {[%clk 0:12:42]} Qxe6 {[%clk 0:08:20]} 32. Re5
{[%clk 0:10:19]} Qb6 {[%clk 0:07:53]} 33. b5 {[%clk 0:09:55]} Nb8
{[%clk 0:08:12]} 34. d4 {[%clk 0:08:45]} Rff7 {[%clk 0:07:37]} 35. Rxf5
{[%clk 0:08:04]} gxh2 {[%clk 0:07:12]} 36. Rxf7 {[%clk 0:08:03]} Rxf7 37. Bh3+
{[%clk 0:08:00]} Nd7 {[%clk 0:08:00]} 38. Qxh2 {[%clk 0:06:29]} Kb8
{[%clk 0:05:03]} 39. a4 {[%clk 0:06:36]} Nf8 {[%clk 0:03:55]} 40. Qe5
{[%clk 0:36:16]} Qf6 {[%clk 0:33:06]} 41. Rf1 {[%clk 0:31:20]} Qxe5
{[%clk 0:32:19]} 42. dxe5 {[%clk 0:31:39]} Rxf1+ {[%clk 0:32:05]} 43. Bxf1
{[%clk 0:31:59]} Kc8 {[%clk 0:32:12]} 44. Bc1 {[%clk 0:30:58]} Nf7
{[%clk 0:31:24]} 45. Bh3+ {[%clk 0:27:10]} Kd8 {[%clk 0:31:29]} 46. Ba3
{[%clk 0:26:34]} Ng6 {[%clk 0:30:51]} 47. e6 {[%clk 0:25:44]} Ng5
{[%clk 0:30:57]} 48. Bg2 {[%clk 0:23:35]} b6 {[%clk 0:30:49]} 49. Bc1
{[%clk 0:20:39]} Nxe6 {[%clk 0:30:44]} 50. Bxh6 {[%clk 0:20:56]} Nc5
{[%clk 0:30:53]} 51. Bg5+ {[%clk 0:20:39]} Kd7 {[%clk 0:30:39]} 52. Bh3+
{[%clk 0:20:38]} Kd6 {[%clk 0:28:56]} 53. Bf5 {[%clk 0:20:35]} Ne5
{[%clk 0:28:34]} 54. Bc2 {[%clk 0:20:21]} Nc4 {[%clk 0:28:41]} 55. Bf4+
{[%clk 0:20:15]} Kd7 {[%clk 0:27:15]} 56. Bc1 {[%clk 0:20:03]} c6
{[%clk 0:26:00]} 57. bxc6+ {[%clk 0:15:42]} Kxc6 {[%clk 0:24:04]} 58. Kg2
{[%clk 0:15:38]} Kd5 {[%clk 0:24:21]} 59. Kf3 {[%clk 0:15:43]} Kd4
{[%clk 0:24:40]} 60. Ke2 {[%clk 0:10:48]} Kc3 {[%clk 0:24:52]} 61. Kd1
{[%clk 0:10:57]} Kb4 {[%clk 0:23:58]} 62. Bd2+ {[%clk 0:07:29]} Nxd2
{[%clk 0:24:05]} 63. Kxd2 {[%clk 0:07:54]} Nxa4 {[%clk 0:24:26]} 64. Kc1
{[%clk 0:07:12]} Nc5 {[%clk 0:24:26]} 65. Bg6 {[%clk 0:07:24]} Ka3
{[%clk 0:24:40]} 66. Be8 {[%clk 0:07:26]} Kb4 {[%clk 0:24:57]} 67. Kb1
{[%clk 0:07:36]} Na6 {[%clk 0:25:12]} 68. Kb2 {[%clk 0:07:48]} Kc5
{[%clk 0:25:10]} 69. Kb3 {[%clk 0:07:53]} Nb4 {[%clk 0:25:30]} 70. Ba4
{[%clk 0:07:56]} Nc6 {[%clk 0:25:13]} 71. Ka3 {[%clk 0:08:09]} Na7
{[%clk 0:24:54]} 72. Kb3 {[%clk 0:08:09]} Nb5 {[%clk 0:24:59]} 73. Kb2
{[%clk 0:08:17]} Kb4 {[%clk 0:25:18]} 74. Bb3 {[%clk 0:08:27]} Nd4
{[%clk 0:25:29]} 75. Bd5 {[%clk 0:08:17]} b5 {[%clk 0:25:43]} 76. Bf7
{[%clk 0:07:37]} Kc5 {[%clk 0:25:36]} 77. Bg6 {[%clk 0:07:06]} b4
{[%clk 0:25:43]} 78. Bf7 {[%clk 0:07:18]} Ne2 {[%clk 0:25:54]} 79. Bh5
{[%clk 0:07:16]} Nf4 {[%clk 0:26:08]} 80. Bd1 {[%clk 0:07:16]} Kc4
{[%clk 0:26:08]} 81. Bb3+ {[%clk 0:07:24]} Kd4 {[%clk 0:26:23]} 82. Bf7
{[%clk 0:07:21]} Kc5 {[%clk 0:26:23]} 83. Kb3 {[%clk 0:07:38]} Nd3
{[%clk 0:26:21]} 84. Bg8 {[%clk 0:07:35]} Nc1+ {[%clk 0:26:39]} 85. Kc2
{[%clk 0:07:51]} Ne2 {[%clk 0:26:43]} 1/2-1/2

[Event "Agen 2017 - Open D"]
[Site "?"]
[Date "2017.08.19"]
[Round "1.1"]
[White "Marchal, Mael"]
[Black "Falais, Jean-Francois"]
[Result "1/2-1/2"]
[LiveChessVersion "1.4.8"]
[BlackElo "1500"]
[WhiteElo "1318"]

1. e4 {[%clk 1:30:53]} e5 {[%clk 1:30:56]} 2. Nf3 {[%clk 1:30:50]} d6
{[%clk 1:30:57]} 3. d4 {[%clk 1:30:30]} Bg4 {[%clk 1:30:38]} 4. Be2
{[%clk 1:29:03]} Bxf3 {[%clk 1:28:48]} 5. Bxf3 {[%clk 1:29:02]} exd4
{[%clk 1:24:32]} 6. Qxd4 {[%clk 1:22:34]} Nc6 {[%clk 1:20:12]} 7. Qd5
{[%clk 1:19:32]} a6 {[%clk 1:14:48]} 8. O-O {[%clk 1:16:48]} Nf6 {[%clk 1:15:08]}
9. Qb3 {[%clk 1:12:43]} Rb8 {[%clk 1:15:35]} 10. Re1 {[%clk 1:03:38]} Be7
{[%clk 1:15:23]} 11. Bf4 {[%clk 1:02:34]} O-O {[%clk 1:15:39]} 12. e5
{[%clk 1:01:09]} Nd4 {[%clk 1:15:49]} 13. Qc3 {[%clk 1:00:33]} Nxf3+
{[%clk 1:16:06]} 14. Qxf3 {[%clk 1:00:52]} dxe5 {[%clk 1:16:05]} 15. Bxe5
{[%clk 1:00:04]} Bd6 {[%clk 1:13:42]} 16. Bxd6 {[%clk 0:55:25]} Qxd6
{[%clk 1:14:04]} 17. Nc3 {[%clk 0:53:52]} Qb4 {[%clk 1:13:05]} 18. Rab1
{[%clk 0:52:52]} Rfe8 {[%clk 1:12:08]} 19. Rxe8+ {[%clk 0:51:26]} Rxe8
{[%clk 1:12:36]} 20. a3 {[%clk 0:50:10]} Qxb2 {[%clk 1:12:51]} 21. h3
{[%clk 0:49:30]} Qxa3 {[%clk 1:11:54]} 22. Rxb7 {[%clk 0:46:20]} Qd6
{[%clk 1:12:17]} 23. g3 {[%clk 0:42:20]} h6 {[%clk 1:11:55]} 24. Kg2
{[%clk 0:41:32]} Kh7 {[%clk 1:04:01]} 25. Rb1 {[%clk 0:36:39]} c5
{[%clk 1:00:50]} 26. Rd1 {[%clk 0:36:19]} Qe6 {[%clk 1:00:10]} 27. Na4
{[%clk 0:33:30]} Rc8 {[%clk 0:54:36]} 28. c4 {[%clk 0:30:11]} Qc6
{[%clk 0:52:40]} 29. Qxc6 {[%clk 0:29:57]} Rxc6 {[%clk 0:53:05]} 30. Kf3
{[%clk 0:29:48]} g5 {[%clk 0:52:29]} 31. h4 {[%clk 0:28:40]} gxh4
{[%clk 0:52:46]} 32. gxh4 Kg6 33. Kf4 {[%clk 0:27:59]} Nh5+ {[%clk 0:49:29]} 34.
Ke5 {[%clk 0:26:22]} Re6+ {[%clk 0:49:46]} 35. Kd5 {[%clk 0:26:40]} Re2
{[%clk 0:49:15]} 36. Nxc5 {[%clk 0:25:33]} Rxf2 {[%clk 0:49:28]} 37. Nxa6
{[%clk 0:25:00]} Rf5+ {[%clk 0:49:52]} 38. Kc6 {[%clk 0:24:21]} Nf4
{[%clk 0:49:44]} 39. c5 {[%clk 0:23:59]} Ne6 {[%clk 0:49:58]} 40. Kb6
{[%clk 0:23:34]} Nxc5 {[%clk 0:50:24]} 41. Nxc5 {[%clk 0:53:47]} Rf4
{[%clk 1:19:24]} 42. Nd3 {[%clk 0:51:38]} Rxh4 {[%clk 1:19:25]} 43. Rg1+
{[%clk 0:51:37]} Kf5 {[%clk 1:17:34]} 44. Rf1+ {[%clk 0:51:47]} Ke4
{[%clk 1:14:13]} 45. Nc5+ {[%clk 0:51:53]} Kd5 46. Rxf7 {[%clk 0:50:37]} Rb4+
{[%clk 1:14:37]} 47. Ka5 {[%clk 0:50:56]} Rb1 {[%clk 1:14:15]} 48. Rf5+
{[%clk 0:50:29]} Kc6 {[%clk 1:13:48]} 49. Na4 {[%clk 0:50:29]} Rh1
{[%clk 1:14:01]} 1/2-1/2

[Event "Agen 2017 - Open D"]
[Site "?"]
[Date "2017.08.19"]
[Round "1.2"]
[White "Aubert, Elea"]
[Black "Coll, Arthur"]
[Result "1-0"]
[LiveChessVersion "1.4.8"]
[BlackElo "1312"]
[WhiteElo "1499"]

1. e4 {[%clk 1:30:53]} d6 {[%clk 1:30:50]} 2. d4 {[%clk 1:30:57]} Nf6
{[%clk 1:31:05]} 3. Bd3 {[%clk 1:30:32]} g6 {[%clk 1:30:29]} 4. Nf3
{[%clk 1:29:38]} Bg7 {[%clk 1:28:45]} 5. O-O {[%clk 1:28:55]} O-O
{[%clk 1:28:49]} 6. h3 {[%clk 1:28:53]} c6 {[%clk 1:26:28]} 7. c3
{[%clk 1:27:29]} Nbd7 {[%clk 1:22:31]} 8. Be3 {[%clk 1:24:26]} b5
{[%clk 1:20:00]} 9. Nbd2 {[%clk 1:19:08]} Bb7 {[%clk 1:17:26]} 10. Re1
{[%clk 1:18:51]} a5 {[%clk 1:13:45]} 11. Nf1 {[%clk 1:13:55]} b4 {[%clk 1:08:18]}
12. Ng3 {[%clk 0:59:21]} c5 {[%clk 1:03:19]} 13. d5 {[%clk 0:56:44]} bxc3
{[%clk 0:58:54]} 14. bxc3 {[%clk 0:56:51]} Nxd5 {[%clk 0:56:33]} 15. exd5
{[%clk 0:45:48]} Bxc3 {[%clk 0:56:15]} 16. Bh6 {[%clk 0:40:25]} Bxe1
{[%clk 0:53:07]} 17. Bxf8 {[%clk 0:36:20]} Bc3 {[%clk 0:47:57]} 18. Rc1
{[%clk 0:33:50]} Qxf8 {[%clk 0:44:48]} 19. Rxc3 {[%clk 0:33:28]} Bxd5
{[%clk 0:43:14]} 20. Rc2 {[%clk 0:32:33]} Bxf3 {[%clk 0:40:07]} 21. Qxf3
{[%clk 0:32:53]} Ne5 {[%clk 0:39:24]} 22. Qd5 {[%clk 0:32:12]} Nxd3
{[%clk 0:38:39]} 23. Qxd3 {[%clk 0:32:32]} Qb8 {[%clk 0:37:32]} 24. Re2
{[%clk 0:32:15]} Qb7 {[%clk 0:35:28]} 25. Ne4 {[%clk 0:30:16]} Rb8
{[%clk 0:33:34]} 26. Nc3 {[%clk 0:28:24]} Kf8 27. Re1 Qb4 {[%clk 0:24:48]} 28.
Rb1 {[%clk 0:27:26]} Ke8 {[%clk 0:17:27]} 29. Rxb4 {[%clk 0:27:44]} axb4
{[%clk 0:17:49]} 30. Nd5 {[%clk 0:28:03]} Ra8 1-0

[Event "Agen 2017 - Open D"]
[Site "?"]
[Date "2017.08.19"]
[Round "1.3"]
[White "Le Coz, Yannick"]
[Black "Bur, Lucas"]
[Result "0-1"]
[LiveChessVersion "1.4.8"]
[BlackElo "1499"]
[WhiteElo "1311"]

1. e4 {[%clk 1:29:56]} d6 {[%clk 1:30:47]} 2. d4 {[%clk 1:30:08]} Nf6
{[%clk 1:31:10]} 3. Nc3 {[%clk 1:30:16]} g6 {[%clk 1:31:29]} 4. Bg5
{[%clk 1:30:16]} Bg7 {[%clk 1:24:22]} 5. Bb5+ {[%clk 1:28:00]} c6
{[%clk 1:21:23]} 6. Ba4 {[%clk 1:27:58]} O-O {[%clk 1:11:59]} 7. Nge2
{[%clk 1:26:38]} Nbd7 {[%clk 1:07:01]} 8. O-O e5 {[%clk 1:09:10]} 9. f4
{[%clk 1:17:43]} Qb6 {[%clk 0:40:52]} 10. Kh1 {[%clk 1:17:22]} exd4
{[%clk 0:40:15]} 11. Nxd4 {[%clk 1:12:01]} Nxe4 {[%clk 0:29:07]} 12. Nxe4
{[%clk 1:10:25]} Qxd4 {[%clk 0:25:53]} 13. Qxd4 {[%clk 1:10:24]} Bxd4
{[%clk 0:26:15]} 14. c3 {[%clk 1:10:13]} d5 {[%clk 0:24:14]} 15. Ng3
{[%clk 1:09:30]} Bg7 {[%clk 0:24:01]} 16. Bc2 {[%clk 1:04:04]} f6
{[%clk 0:15:20]} 17. Bh4 {[%clk 1:03:53]} Nc5 {[%clk 0:14:44]} 18. Ne2
{[%clk 1:03:10]} Re8 {[%clk 0:13:07]} 19. Nd4 {[%clk 1:02:06]} Bd7
{[%clk 0:11:15]} 20. Rae1 {[%clk 1:01:11]} Kf7 {[%clk 0:08:17]} 21. b4
{[%clk 1:01:03]} Ne4 {[%clk 0:08:17]} 22. Bxe4 {[%clk 1:00:45]} dxe4
{[%clk 0:07:24]} 23. Re3 {[%clk 1:00:27]} f5 {[%clk 0:06:19]} 24. h3
{[%clk 0:59:41]} Rac8 {[%clk 0:03:51]} 25. Rg1 {[%clk 0:59:48]} c5
{[%clk 0:03:20]} 26. bxc5 {[%clk 0:59:25]} Rxc5 {[%clk 0:03:36]} 27. g4
{[%clk 0:59:01]} Rec8 {[%clk 0:03:19]} 28. gxf5 {[%clk 0:58:06]} Rxc3
{[%clk 0:03:07]} 29. fxg6+ {[%clk 0:57:23]} hxg6 {[%clk 0:03:16]} 30. Rxc3
{[%clk 0:56:41]} Rxc3 {[%clk 0:03:39]} 31. Bf2 {[%clk 0:55:54]} Rxh3+
{[%clk 0:03:27]} 32. Kg2 {[%clk 0:55:52]} e3 {[%clk 0:03:00]} 33. f5
{[%clk 0:54:29]} exf2 {[%clk 0:01:43]} 34. Rf1 {[%clk 0:53:09]} Ra3
{[%clk 0:01:03]} 35. fxg6+ {[%clk 0:52:32]} Kxg6 {[%clk 0:01:21]} 36. Ne2
{[%clk 0:51:45]} Bh3+ {[%clk 0:01:36]} 0-1

[Event "Agen 2017 - Open D"]
[Site "?"]
[Date "2017.08.19"]
[Round "1.4"]
[White "Devaux, Francois"]
[Black "Hazarabedian, Guy"]
[Result "1-0"]
[LiveChessVersion "1.4.8"]
[BlackElo "1310"]
[WhiteElo "1498"]

1. d4 {[%clk 1:30:43]} Nf6 {[%clk 1:30:54]} 2. Bf4 {[%clk 1:30:39]} e6
{[%clk 1:29:59]} 3. e3 {[%clk 1:27:37]} d5 {[%clk 1:29:39]} 4. Nf3
{[%clk 1:24:16]} Be7 {[%clk 1:26:18]} 5. Bd3 {[%clk 1:23:34]} c5 {[%clk 1:24:28]}
6. c3 {[%clk 1:20:54]} cxd4 {[%clk 1:24:18]} 7. exd4 {[%clk 1:19:50]} Nc6
{[%clk 1:24:21]} 8. Nbd2 {[%clk 1:15:26]} a6 {[%clk 1:21:58]} 9. a4
{[%clk 1:12:50]} Bd7 {[%clk 1:22:09]} 10. O-O {[%clk 1:07:07]} Qb6
{[%clk 1:16:28]} 11. Qb1 {[%clk 0:56:03]} h6 {[%clk 1:11:41]} 12. Ne5 Nxe5
{[%clk 1:09:07]} 13. Bxe5 {[%clk 0:54:14]} Qd8 {[%clk 1:04:52]} 14. Nf3
{[%clk 0:49:34]} Bc6 {[%clk 1:02:03]} 15. Re1 {[%clk 0:44:45]} Bf8
{[%clk 0:48:06]} 16. h3 {[%clk 0:40:37]} Nd7 {[%clk 0:42:09]} 17. Bh2
{[%clk 0:40:58]} Be7 {[%clk 0:41:15]} 18. Ne5 {[%clk 0:40:18]} Nxe5
{[%clk 0:41:17]} 19. Bxe5 {[%clk 0:40:35]} Bf6 {[%clk 0:41:34]} 20. Bh2
{[%clk 0:38:59]} Qd7 {[%clk 0:39:19]} 21. Qc2 {[%clk 0:36:41]} O-O
{[%clk 0:35:50]} 22. Re3 {[%clk 0:27:12]} Rac8 {[%clk 0:35:35]} 23. Rg3
{[%clk 0:19:02]} b5 {[%clk 0:32:30]} 24. Qd2 {[%clk 0:16:13]} Kh8
{[%clk 0:32:10]} 25. Rf3 {[%clk 0:13:59]} Bg5 {[%clk 0:28:05]} 26. Bf4
{[%clk 0:13:43]} Bxf4 {[%clk 0:27:52]} 27. Rxf4 {[%clk 0:10:49]} f5
{[%clk 0:26:00]} 28. Qe3 {[%clk 0:07:11]} Rce8 {[%clk 0:23:55]} 29. Rh4
{[%clk 0:04:15]} Rf6 {[%clk 0:23:17]} 30. Qe5 {[%clk 0:03:08]} Qe7
{[%clk 0:20:32]} 31. Be2 {[%clk 0:01:34]} bxa4 {[%clk 0:18:40]} 32. Bxa6 Rg6
{[%clk 0:17:24]} 33. Rf4 {[%clk 0:01:13]} Qg5 {[%clk 0:15:14]} 34. g3
{[%clk 0:01:33]} Qd8 {[%clk 0:13:31]} 35. Be2 {[%clk 0:01:52]} Rf6
{[%clk 0:13:09]} 36. Bh5 {[%clk 0:01:48]} g6 {[%clk 0:13:05]} 37. Bxg6
{[%clk 0:02:05]} Kg8 {[%clk 0:11:56]} 38. Bxe8 {[%clk 0:02:12]} Bxe8
{[%clk 0:12:10]} 39. Rh4 {[%clk 0:01:18]} Kh7 {[%clk 0:12:28]} 40. Rf4
{[%clk 0:31:03]} Bg6 {[%clk 0:42:49]} 41. Kh2 {[%clk 0:30:27]} h5
{[%clk 0:41:49]} 42. Rh4 {[%clk 0:25:55]} Kg8 {[%clk 0:41:03]} 43. Rxa4
{[%clk 0:24:19]} Bf7 {[%clk 0:39:24]} 44. Rb4 {[%clk 0:23:59]} Rh6
{[%clk 0:39:04]} 45. Rb8 {[%clk 0:24:22]} Rh8 1-0